000 00611nam a2200205Ia 4500
005 20260429111925.0
008 260429s9999||||xx |||||||||||||| ||und||
020 _a9789359786940
041 _aEnglish
082 _a796.01
_bVER
100 _aVerma , Monika
245 0 _aApplied sports psychology :
_benhancing performance and mental resilience /
_cMonika Verma
250 _a1st ed.
260 _aNew Delhi :
_bFriends Publications (India),
_c2025.
300 _avi, 218 p.; hb
650 _a Athletic performance
650 _a Mental health in sports
650 _aSports psychology
942 _cTB
999 _c51452
_d51452